Nouveaux Pays Industralisés - Statistiques

Statistiques générales
  • Ce quiz a été pris 89 fois
  • Le résultat moyen est 12 sur 15
Statistiques - réponses
Réponse % Correct
Amérique Argentine
93%
Amérique Chili
90%
Asie Chine
90%
Asie Inde
90%
Amérique Brésil
89%
Amérique Colombie
88%
Asie Indonésie
88%
Amérique Mexique
86%
Asie Thaïlande
84%
Asie Viet-Nam
84%
Afrique Afrique du Sud
83%
Asie Malaisie
75%
Asie Turquie
70%
Europe Russie
63%
Asie Philippines
34%
Aucun quiz correspondant
Distribution des résultats
% des personnes avec chaque résultat
Percentile par nombre de réponses
Votre historique - résultats
Vous n’avez pas pris ce quiz